000 00677nmm a2200205Ia 4500
008 251105s9999||||xx |||||||||||||||||und||
020 _a9786071664921
041 _aspa
100 _aLarisa, Reisner
245 0 _aHamburgo en las barricadas :
_b Y otros escritos sobre la Alemania de Weimar
264 _a[México D.C., Mexico] :
_bFondo de Cultura Económica,
_c[Fecha de publicación no identificada]
300 _a294 páginas
490 _aColección Popular
650 _aHistorical fiction
700 _aLarisa, Reisner
700 1 _a Isabel, Vericat
700 1 _a Richard, Chappell
856 _uhttps://public.digitaliapublishing.com/a/100253
942 _cCF
999 _c67662
_d67662